00181nam a22000977a 4500008004100000041000800041080000600049100000600055101000600061245001600067170811b xxu||||| |||| 00| 0 eng d aeng a4 a4 a4 a45645c4456